00675nam a22001817a 4500999001900000005001700019010001500036020001100051035001400062037001300076082001600089245003500105260005400140270012300194300001900317942003000336952012700366 c189216d18921620220622115347.0 aENG-133308 c125.00 aEN-116840 bDBAD/PUB a665.7420218 aThe Gas Cylinders Rules, 2004/ aDelhibUniversal Law Publishing Co.Pvt. Ltdc2011 bDelhiaC-FF-1A, Dilkhush Industrial Estate, (Opp. Hans Cinema, Azadpur) G.T. Karnal Roade110033medit@unilawbooks.com avp.c24cm(pbk) 2ddccENh665.7420218mTHE 001040718NFICaDBADbMd2022-06-22eDBAD/PUBg125.00l0o665.7420218 THEpEN-116840r2022-06-22 00:00:00t1v125.00yEN